Sudden Death - All Colonizers of Africa - Statistics

General Stats
  • This quiz has been taken 65 times
  • The average score is 6 of 10
Answers on the Grid
Answers color-coded by a green-red scale on the quiz's grid according to % correct below.
France
Belgium
Netherlands
Slovakia
Austria
United Kingdom
United States
Spain
China
Italy
Canada
Turkey
Sweden
Morocco
Poland
Ireland
Portugal
Greece
Denmark
Brazil
 
Answer Stats
Answer % Correct
France
100%
Belgium
95%
United Kingdom
91%
Spain
80%
Italy
73%
Netherlands
67%
Portugal
65%
Denmark
18%
Sweden
13%
Greece
4%
No matching quizzes found
Score Distribution
Percent of People with Each Score
Percentile by Number Answered
Your Score History
You have not taken this quiz